Terremotos de Nueva Vizcaya (Filipinas) en 1881 : (Record no. 19618)

MARC details
000 -LEADER
campo de control de longitud fija 01049nam a2200241 i 4500
001 - NÚMERO DE CONTROL
campo de control 19618
003 - IDENTIFICADOR DE NÚMERO DE CONTROL
campo de control ES-MaACL
005 - FECHA Y HORA DE LA ÚLTIMA TRANSACCIÓN
campo de control 20230906152132.0
007 - CAMPO FIJO DE DESCRIPCIÓN FÍSICA--INFORMACIÓN GENERAL
campo de control de longitud fija t|
008 - DATOS DE LONGITUD FIJA--INFORMACIÓN GENERAL
campo de control de longitud fija 021004s1884 sp ||||1| spa d
080 ## - NÚMERO DE LA CLASIFICACIÓN DECIMAL UNIVERSAL
Número de la Clasificación Decimal Universal 550.348(599.13 Nueva Vizcaya)
100 1# - ENTRADA PRINCIPAL--NOMBRE DE PERSONA
Nombre de persona Abella y Casariego, Enrique,
Fechas asociadas al nombre 1847-1913
9 (RLIN) 226444
245 10 - MENCIÓN DEL TÍTULO
Título Terremotos de Nueva Vizcaya (Filipinas) en 1881 :
Resto del título informe acerca de ellos, seguido de unos apuntes físicos y geológicos tomados en el viaje de Manila a dicha provincia /
Mención de responsabilidad, etc. por Enrique Abella y Casariego.
260 ## - PUBLICACIÓN, DISTRIBUCIÓN, ETC.
Lugar de publicación, distribución, etc. Madrid :
Nombre del editor, distribuidor, etc. [s.n.],
Fecha de publicación, distribución, etc. 1884 (
Fabricante Imp. y Fundición de Manuel Tello)
300 ## - DESCRIPCIÓN FÍSICA
Extensión 31 p., [1] h. de plano ;
Dimensiones 25 cm.
530 ## - NOTA DISPONIBLE DE FORMULARIO FÍSICO ADICIONAL
Nota de formato físico adicional disponible Disponible en formato digital.
650 #4 - PUNTO DE ACCESO ADICIONAL DE MATERIA--TÉRMINO DE MATERIA
Término de materia o nombre geográfico como elemento de entrada Terremotos-
Subdivisión geográfica Filipinas.
9 (RLIN) 155970
650 #4 - PUNTO DE ACCESO ADICIONAL DE MATERIA--TÉRMINO DE MATERIA
Término de materia o nombre geográfico como elemento de entrada Geología-
Subdivisión geográfica Filipinas.
9 (RLIN) 149085
852 4# - LOCALIZACIÓN
Ubicación ES-MaACL
Número de control de estantería T-384-F-18
852 4# - LOCALIZACIÓN
Ubicación ES-MaACL
Número de control de estantería T-1106-F-10
Nota libre - Legado de Federico de Botella y de Hornos
856 4# - LOCALIZACIÓN Y ACCESO ELECTRÓNICOS
Identificador Uniforme de Recursos <a href="http://bdh-rd.bne.es/viewer.vm?id=0000113672&page=1 ">http://bdh-rd.bne.es/viewer.vm?id=0000113672&page=1 </a>
Nota pública Biblioteca Digital Hispánica
Holdings
Estatus retirado Estado de pérdida Estado de daño No para préstamo Colección Biblioteca de origen Biblioteca actual Ubicación en estantería Fecha de adquisición Fuente de adquisición Total de préstamos Signatura topográfica completa Código de barras Visto por última vez Precio de reemplazo Tipo de ítem Koha
        Colección de folletos Biblioteca del Ateneo de Madrid Biblioteca del Ateneo de Madrid Depósito folletos 17/01/2008     T-1106-F-10 1020078 23/02/2023 23/02/2023 Folleto
        Colección de folletos Biblioteca del Ateneo de Madrid Biblioteca del Ateneo de Madrid Depósito folletos 17/01/2008     T-384-F-18 1020077 23/02/2023 23/02/2023 Folleto